Mecanismos de disparo de los procesos de remoción en masa en el Valle de Orosí = Starting mechanisms of mass removal processes mass in Orosi's Valley /
Se estudian los deslizamientos en el valle de Orosi, los cuales son potenciados por las laderas de fuertes pendientes, sobre las cuales se encuentra una formación superficial muy meteorizada que alcanza varios metros de espesor. Sobre la que actúan mecanismos de disparo como la sismicidad y la tectó...
Uloženo v:
| Hlavní autor: | |
|---|---|
| Médium: | Text |
| Témata: | |
| Tagy: |
Přidat tag
Žádné tagy, Buďte první, kdo vytvoří štítek k tomuto záznamu!
|
MARC
| LEADER | 00000 a a2200000 04500 | ||
|---|---|---|---|
| 001 | 41088 | ||
| 003 | |||
| 040 | |||
| 100 | |a Cortés Granados, Víctor Manuel | ||
| 245 | |a Mecanismos de disparo de los procesos de remoción en masa en el Valle de Orosí = |b Starting mechanisms of mass removal processes mass in Orosi's Valley / |c Víctor Manuel Cortés Granados | ||
| 500 | |a victor.cortes@ucr.ac.cr | ||
| 520 | |a Se estudian los deslizamientos en el valle de Orosi, los cuales son potenciados por las laderas de fuertes pendientes, sobre las cuales se encuentra una formación superficial muy meteorizada que alcanza varios metros de espesor. Sobre la que actúan mecanismos de disparo como la sismicidad y la tectónica, además se menciona que la lluvia juega un papel trascendental dentro de los mecanismos mencionados. Se finaliza mencionando que dichos mecanismos aportan al cambio de la topografía local. | ||
| 590 | |a KSR/JUNIO2012 | ||
| 650 | |a 1.GEOMORFOLOGIA | ||
| 650 | |a 2.GEOLOGIA | ||
| 650 | |a 3.SISMOLOGIA | ||
| 650 | |a 4.TOPOGRAFIA | ||
| 650 | |a 5.OROSI | ||
| 650 | |a 6.COSTA RICA | ||
| 773 | |g volumen89, número1 ( , 2010), páginas 9-28 : tablas, gráficos, mapas, fotos | ||
| 999 | |c 38500 |d 38500 | ||
